000 00983nam a2200277 i 4500
003 DO-SdBNP
005 20250429152906.0
007 ta
008 250429b2012 dr ||||| |||| 00| 0 spa d
020 _a9789945489033
040 _aDO-SdBNP
_bspa
_cBNPHU
_erda
041 _hspa
082 4 _axxx
_bxxx
_222
100 _aCandelaria, Sélvido,
_eautor
_4aut.
_949242
245 1 0 _aDe cueros, chulos y maipiolos :
_bensayos breves sobre literatura, literatos dominicanos y la dominicanidad /
_cSélvido Candelaria ; prólogo, Manuel Salvador Gautier
264 1 _aSanto Domingo :
_bEditorial Santuario,
_c2012.
300 _a161 páginas ;
_c23 cm.
336 _atexto
_btxt
_2rdacontent
337 _asin mediación
_bn
_2rdamedia
338 _avolumen
_bnc
_2rdacarrier
500 _aIncluye datos biográficos del autor en las solapas
590 _aInventariado, 2025/BT
700 1 _4pr.
_aGautier, Manuel Salvador,
_eprologuista
_914947
910 _aBtavárez
942 _2ddc
_cLBS1
999 _c58858
_d58858